Dessins animés de la génération X n°3 - Statistiques

Statistiques générales
  • Ce quiz a été pris 127 fois
  • Le résultat moyen est 6 sur 16
Statistiques - réponses
Par images Réponse % Correct
Inspecteur Gadget
97%
Dragon Ball
93%
Nicky Larson
90%
Ken le survivant
60%
Rémi sans famille
60%
Juliette je t'aime
37%
Le tour du monde en 80 jours
34%
G.I. Joe
31%
Les Entrechats
26%
Boumbo
24%
Lamu
24%
Cosmocats
19%
Pole Position
17%
Les Snorky
16%
SilverHawks
12%
Nils Holgersson
8%
Aucun quiz correspondant
Distribution des résultats
% des personnes avec chaque résultat
Percentile par nombre de réponses
Votre historique - résultats
Vous n’avez pas pris ce quiz